Quiz Heyrieux - Statistiques

Statistiques générales
  • Ce quiz a été pris 7 fois
  • Le résultat moyen est 7 sur 10
Statistiques - réponses
Question Réponse % Correct
Quelle est la superficie totale de la commune ? (arrondi au km²) 14 km²
100%
Quelle est la température minimale record enregistrée à Heyrieux ? (en °C) -20,3 °C
100%
Combien y a t-il d'habitants ? (arrondi à la centaine la plus proche) 5000
100%
Dans quel département se situe la commune d'Heyrieux ? En Isère
100%
À quel siècle le seigneur Jean de Chandieu accorda les "Libertés aux bourgeois d'Heyrieux" afin de permettre aux résidents de se constituer en communauté ? XIIIème siécle (1227)
100%
Quel château se situe à la fois à Heyrieux et Saint Pierre de Chandieu ? Château de Rajat
50%
Quel roi de France, après sa visite à Heyrieux en 1544, a instauré la Foire de la Sainte‑Catherine ? François 1er
50%
Un animal faisait l’objet de grandes battues à Heyrieux au XVIIIᵉ siècle, dans une période connue sous le nom de “Temps des ___” ? Loups
50%
Quelle est la seule commune limitrophe d’Heyrieux qui comporte le même nombre de lettres ? Valencin
50%
Quelle ville est jumelée à Heyrieux depuis 1999 ? Busnago
0%
Aucun quiz correspondant
Distribution des résultats
% des personnes avec chaque résultat
Percentile par nombre de réponses
Votre historique - résultats
Vous n’avez pas pris ce quiz